LEADER 00920nam0-22002891i-450- 001 990003087820403321 035 $a000308782 035 $aFED01000308782 035 $a(Aleph)000308782FED01 035 $a000308782 100 $a20000920d1987----km-y0itay50------ba 101 0 $aeng 102 $aIT 200 1 $aGoodwin and the Evolution of a Capitalistic Economy$eAn Afterthought$fMassimo Di Matteo. 210 $aSiena$c[s.n.]$d\aprile \\1987. 215 $a10 p.$d23 cm 225 1 $aQuaderni dell'Istituto di economia, Università degli studi di Siena, Facoltà di scienze economiche e bancarie$v66 676 $aD/8.20 700 1$aDi Matteo,$bMassimo$076164 801 0$aIT$bUNINA$gRICA$2UNIMARC 901 $aBK 912 $a990003087820403321 952 $aA/71 QUA$b5920$fSES 959 $aSES 996 $aGoodwin and the Evolution of a Capitalistic Economy$9460550 997 $aUNINA DB $aING01 LEADER 01316nam0-2200421li-450 001 990000242180203316 005 20180312154726.0 010 $a1-56881-063-6 035 $a0024218 035 $aUSA010024218 035 $a(ALEPH)000024218USA01 035 $a0024218 100 $a2001998031996-------y0itay0103----ba 101 0 $aeng 102 $aUS 200 1 $aA=B$fMarko Petkovsek, Herbert S. Wilf, Doron Zeilberger 210 $aWellesley$cA K Peters$dcopyr. 1996 215 $aXII, 212 p.$cill.$d23 cm 610 1 $aAlgoritmi 610 1 $aElaboratori elettronici$aProgrammazione 676 $a005.1$9Programmazione. Tecnica di sviluppo dei programmi 700 1$aPETKOVSEK,$bMarko$0747097 702 1$aWILF,$bHerbert S. 702 1$aEILBERGER,$bDoron 801 $aSistema bibliotecario di Ateneo dell' Università di Salerno$gRICA 912 $a990000242180203316 951 $a005.1 PET$b0021198$c005.1$d00106415 951 $a005.1 PET$b36857/cbs$c005.1$d00217436 959 $aBK 969 $aSCI 979 $c19980321 979 $c20001110$lUSA01$h1715 979 $aALANDI$b90$c20010320$lUSA01$h0858 979 $c20020403$lUSA01$h1632 979 $aPATRY$b90$c20040406$lUSA01$h1617 979 $aANGELA$b90$c20080604$lUSA01$h1026 996 $aA=B$91492079 997 $aUNISA